| 000 | 00360nam a22001577a 4500 | ||
|---|---|---|---|
| 003 | OSt | ||
| 005 | 20240111120838.0 | ||
| 008 | 170731b xxu||||| |||| 00| 0 eng d | ||
| 020 | _a9788126525713 | ||
| 040 | _cSEROSOFT | ||
| 100 | _aHALLAS,MICHAEL | ||
| 245 | _aMODERN SPCETROSCOPY | ||
| 260 |
_aDELHI _bWILEY INDIA _c2013 |
||
| 300 | _a452 | ||
| 942 |
_2ddc _c03 |
||
| 999 |
_c36014 _d36014 |
||